Estados en los que ganó Trump en elecciones de 2024 - Estadísticas

Estadísticas generales
  • Esta prueba ha sido intentada 24 veces
  • La puntuación promedio es 27 de 31
Respuestas en el mapa
Las respuestas están codificadas por una escala verde-roja en el mapa de la prueba según el % correcto abajo.
 
Estadísticas de respuestas
Estado % Correcto
Florida
100%
Texas
100%
Alabama
95%
Alaska
95%
Arkansas
95%
Ohio
95%
Carolina del Norte
91%
Carolina del Sur
91%
Kansas
91%
Kentucky
91%
Misisipi
91%
Montana
91%
Nevada
91%
Arizona
86%
Georgia
86%
Idaho
86%
Misuri
86%
Utah
86%
Dakota del Norte
82%
Dakota del Sur
82%
Indiana
82%
Luisiana
82%
Nebraska
82%
Wyoming
82%
Iowa
77%
Oklahoma
77%
Tennessee
77%
Wisconsin
77%
Michigan
68%
Pensilvania
68%
Virginia Occidental
68%
No se encontraron pruebas coincidentes
Distribución de puntuación
Porcentaje de gente con cada puntuación
Porcentaje por número respondido
Historial de tus puntuaciones
No has intentado esta prueba.